Science Quiz

Random Science Quiz

Neurotransmitters Quiz Stats

 Plays Quiz not verified by Sporcle

Challenge
Share
Tweet
Embed
Score 0/12 Timer 10:00
0 Plays Today
Answer % Correct
dopamine
100%
serotonin
90%
norepinephrine
80%
gaba
80%
acetylcholine
70%
reward, pleasure, euphoria
50%
mood, complex movements
50%
body temp, happy
50%
fast, CNS and PNS
50%
minute body movements
50%
neuropeptide
50%
chains of AA, reduce pain
40%

You're not logged in!

Compare scores with friends on all Sporcle quizzes.
Join for Free
OR
Log In

You Might Also Like...

Show Comments

Extras

Created Feb 28, 2017ReportFavoriteNominate

Top Quizzes Today


Score Distribution

Your Account Isn't Verified!

In order to create a playlist on Sporcle, you need to verify the email address you used during registration. Go to your Sporcle Settings to finish the process.

Report this User

Report this user for behavior that violates our Community Guidelines.

Details: